Statistiken für Wiener-Bundesstraße Quiz

Klicken Sie hier um das Quiz zu spielen!

Allgemein

  • Dieses Quiz wurde 5 mal gespielt
  • Das Durchschnittsergebnis liegt bei 5 aus 10

Antwortstatistiken

HintAntwort% Korrekt
Fast gleiche Strecke (A)A-1
75%
StartWien
75%
Länge325,9
50%
In 1948-1971 war B1 eine Länge mit ... km lang634
50%
Nachbar bei Flughafen Linz (B)B-133
50%
Ende (B) (D)B-21
50%
Start (B)B-227
50%
Mit Europastraße verbundenNein
50%
Echter NameWiener-Straße
50%
EndeWalserberg
25%

Verteilung der Resultate

Perzentil nach korrekt beantworteten Fragen

Anzahl Personen mit jedem Resultat

Ihre Resultats-Entwicklung

Sie haben dieses Quiz noch nicht gespielt